000 00535nam a2200229Ia 4500
003 OSt
005 20220916111008.0
006 a|||||r|||| 00| 0
007 ta
008 Urd
024 _a90,678
037 _cTextbook
040 _bUrd
_aARTS
_cARTS
041 _aUrd
082 _aO168,3M58,1, 32N0
100 _aVerma Ravi Tr.
245 0 _aOru vesyayute atmakatha
260 _c1990
650 _aURDU LITERATURE
942 _hO168,3M58,1, 32N0
_cTB
_2CC
999 _c102912
_d102912